00663 2200229 4500001002100000005001700021008004100038035002500079082001200104090001700116245006000133250001100193260004100204300003600245500004500281500003100326650001900357700001500376850001200391990001500403990001500418YOGYA-0209000000480520150610133527.0 ind  a0010-020900000004805 a001.642 a001.642bPed aPEDOMAN lengkap virus komputercalih bahasa, Sudarisman aCet. 2 aJakartabElex Media Komputindoc1993 aix, 141 hlm. :bilus. ;c21 cm. aJudul asli : The Complete virus handbook aBibliografi : hlm. 139-141 aVirus komputer aSudarisman aYOPDYOG a59988-P/95 a59987.P/95